000 00518nam a2200193Ia 4500
003 GCL
008 140319s9999 xx 000 0 eng d
040 _aGCL /
_cGCL
082 0 4 _a746.434
_bM C
100 1 _aMURODOCH BOOKS
245 1 0 _aCROCHET TO TREASURE: BEAUTIFUL THINGS TO MAKE /
_cMURODOCH BOOKS
260 _a[S.N] :
_bMURDOCH BOOKS ،
_c1994
300 _a111 P
650 0 4 _aNEEDLE AND HANDBOOK
650 0 4 _aCROCHETING - PATTERNS
650 0 4 _aCROCHETING
650 0 4 _aTEXTILE ART
942 _2ddc
_cBK
999 _c13718
_d13718